Mega Man X 1-8 Bosses - Statistics

General Stats
  • This quiz has been taken 56 times
  • The average score is 61 of 130
Answer Stats
Hint Answer % Correct
Mega Man X Chill Penguin
86%
Mega Man X Flame Mammoth
84%
Mega Man X Launch Octopus
84%
Mega Man X Boomer Kuwanger
81%
Mega Man X Sting Chameleon
81%
Mega Man X Storm Eagle
81%
Mega Man X2 Overdrive Ostrich
78%
Mega Man X2 Wheel Gator
78%
Mega Man X Armored Armadillo
76%
Mega Man X2 Morph Moth
76%
Mega Man X Spark Mandrill
76%
Mega Man X2 Flame Stag
73%
Mega Man X3 Blizzard Buffalo
70%
Mega Man X2 Bubble Crab
70%
Mega Man X2 Crystal Snail
70%
Mega Man X4 Web Spider
70%
X8 (Castle Stage) Copy Sigma
68%
X4 (Castle Stage) Cyber Sigma
68%
X8 (Castle Stage) Devil Sigma
68%
Mega Man X4 Frost Walrus
68%
X7 (Castle Stage) Gun Sigma
68%
X6 (Castle Stage) Hell Sigma
68%
X3 (Castle Stage) Kaiser Sigma
68%
X2 (Castle Stage) Neo Sigma
68%
X4 (Castle Stage) Reaper Sigma
68%
X1 (Castle Stage) Sigma
68%
X1 (Castle Stage) Sigma Wall
68%
X7 (Castle Stage) Titan Sigma
68%
X5 (Castle Stage) Ultimate Sigma
68%
X6 (Castle Stage) Zombie Sigma
68%
Mega Man X4 Cyber Peacock
65%
Mega Man X2 Magna Centipede
65%
Mega Man X3 Neon Tiger
65%
Mega Man X4 Storm Owl
65%
Mega Man X3 Volt Catfish
65%
Mega Man X4 Magma Dragoon
62%
Mega Man X3 Toxic Seahorse
62%
Mega Man X3 Tunnel Rhino
62%
Mega Man X2 Wire Sponge
62%
Mega Man X4 Split Mushroom
59%
Mega Man X5 (Legacy Collection Names) Tidal Whale
59%
X5 (Castle Stage) [Zero] Ultimate Armor X
59%
Mega Man X3 Blast Hornet
57%
Mega Man X3 Gravity Beetle
57%
Mega Man X4 Jet Stingray
57%
X5 (Castle Stage) [X] Awakened Zero
54%
Mega Man X3 Crush Crawfish
54%
Mega Man X5 (PS1 Names) Duff McWhalen
54%
Mega Man X4 Slash Beast
54%
Mega Man X5 (Legacy Collection Names) Spiral Pegasus
54%
X1 (Castle Stage) Vile
54%
X2 (Castle Stage) Zero
54%
Mega Man X5 (PS1 Names) Axle the Red
51%
Mega Man X6 Commander Yammark
51%
Mega Man X6 Blaze Heatnix
49%
Mega Man X5 (Legacy Collection Names) Crescent Grizzly
49%
Mega Man X5 (PS1 Names) Grizzly Slash
49%
Mega Man X6 Infinity Mijinion
49%
Mega Man X5 (Legacy Collection Names) Spike Rosered
49%
Mega Man X5 (PS1 Names) Izzy Glow
46%
Mega Man X6 Metal Shark Player
46%
X2 (Castle Stage) Serges
46%
Mega Man X5 (Legacy Collection Names) Shining Firefly
46%
Mega Man X8 Bamboo Pandamonium
43%
X8 (Mid Stage) Cut Man
43%
Mega Man X7 Flame Hyenard
43%
X6 (Castle Stage) Gate
43%
Mega Man X8 Gigabolt Man-o-war
43%
Mega Man X8 Optic Sunflower
43%
Mega Man X6 Rainy Turtloid
43%
Mega Man X6 Shield Sheldon
43%
Mega Man X5 (PS1 Names) Squid Adler
43%
Mega Man X5 (PS1 Names) The Skiver
43%
Mega Man X7 Tornado Tonion
43%
Mega Man X5 (Legacy Collection Names) Volt Kraken
43%
X2 (Castle Stage) Agile
41%
Mega Man X5 (Legacy Collection Names) Burn Dinorex
41%
Mega Man X8 Burn Rooster
41%
Mega Man X8 Gravity Antonion
41%
Mega Man X5 (PS1 Names) Mattrex
41%
Mega Man X7 Splash Warfly
41%
X2 (Castle Stage) Violen
41%
Mega Man X8 Avalanche Yeti
38%
X3 (Mid Stage) Bit
38%
Mega Man X6 Blizzard Wolfang
38%
X3 (Mid Stage) Byte
38%
Mega Man X5 (PS1 Names) Dark Dizzy
38%
Mega Man X5 (Legacy Collection Names) Dark Necrobat
38%
Mega Man X8 Earthrock Trilobyte
38%
Mega Man X6 Ground Scaravich
38%
Mega Man X7 Soldier Stonekong
38%
Mega Man X7 Vanishing Gungaroo
38%
X4 (Castle Stage) Colonel
35%
Mega Man X8 Dark Mantis
35%
X3 (Castle Stage) Doctor Doppler
35%
X4 (Castle Stage) General
35%
X7 (Castle Stage) Red
35%
Mega Man X7 Ride Boarski
35%
X4 (Castle Stage) [X] Double
32%
X6 (Castle Stage) High Max
32%
X4 (Castle Stage) [Zero] Iris
32%
X1 (Castle Stage) Rangda Bangda
32%
X5 (Castle Stage) Rangda Bangda 2
32%
X3 (Castle Stage) Vile MK-2
32%
X8 (Castle Stage) Vile MK-5
32%
X5 (Mid Stage) Dynamo
30%
X8 (Castle Stage) Lumine
30%
X8 (Castle Stage) Seraph Lumine
30%
Mega Man X7 Wind Crowrang
30%
X3 (intro Stage) Mac
27%
X5 (Castle Stage) Shadow Devil
27%
Mega Man X7 Snipe Anteator
27%
X6 (Mid Stage) Zero Nightmare
27%
X2 (Castle Stage) Sigma Virus
24%
X6 (Castle Stage) Nightmare Mother
22%
X1 (Castle Stage) Velguarder
22%
X1 (Castle Stage) Bospider
19%
X1 (Castle Stage) D-Rex
19%
X3 (Castle Stage) Godkarmachine O Inary
16%
X3 (Secret Boss) Press Disposer
16%
X4 (Intro Stage) Eregion
14%
X7 (Intro Stage) Mega Scorpio
14%
X5 (Intro Stage) Sigma Head
11%
X3 (Secret Boss) Volt Kurageil
11%
X5 (Castle Stage) FInal Sigma W
8%
X3 (Ride Armor) Goliath
8%
X3 (Castle Stage) Sigma MK-3
8%
X7 (Castle Stage) Mole Bore
5%
X4 (Castle Stage) Colossus Sigma
3%
X4 (Castle Stage) Gunner Sigma
3%
No matching quizzes found
Score Distribution
Percent of People with Each Score
Percentile by Number Answered
Your Score History
You have not taken this quiz